Представление документа в формате RUSMARC

ПолеНазваниеЗначение
  Тип записи a
  Библиографический уровень m
001 Контрольный номер RU/ГПНТБ России/KNIGADB/84(2Рос=411.2)6/З-13-883921748
005 Дата корректировки 20260701152500.5
010 Индекс ISBN __
a ISBN 978-5-04-175969-8
9 Тираж 7000
100 Данные общей обработки __
a Данные общей обработки 20260626d2024 m y0rusy0289
101 Язык документа 0_
a Язык текста rus
102 Страна публикации __
a Страна публикации RU
105 Кодированные данные (монография) __
a Кодированные данные (монография) y zz 000ay
181 Поле кодированных данных: вид содержания _0
a Код вида содержания (ISBD) i
182 Поле кодированных данных: тип средства _0
a Код типа средства (ISBD) n
200 Заглавие и сведения об ответственности 1_
a Заглавие Модный салон феи-крестной
203 Вид содержания и тип средства __
c Тип средства непосредственный
a Вид содержания Текст
210 Выходные данные __
d Дата издания 2024
215 Физическое описание __
a Объем 315, [2] с.
333 Примечание о целевом назначении __
a Примечание о целевом назначении информационная продукция для детей, достигших возраста шестнадцати лет
333 Примечание о целевом назначении __
a Примечание о целевом назначении для взрослых, общего характера
461 Уровень набора _0
1 700 1
a Завойчинская
b М. В.
g Милена Валерьевна
f 1974-
1 2001
a Феями не рождаются
e [роман]
f Милена Завойчинская
v Кн. 1
1 210
a Москва
c Эксмо
d 2024
517 Другие варианты заглавия 1_
a Другие варианты заглавия Модный салон феи-крёстной
686 Индексы других классификаций __
2 Код системы rubbk
a Классификационный индекс 84(2Рос=411.2)6
686 Индексы других классификаций __
2 Код системы rugasnti
a Классификационный индекс 17.82.31
801 Источник записи _0
b Организация ГПНТБ России
a Страна RU
c Дата составления 20260626
801 Источник записи _1
b Организация ГПНТБ России
a Страна RU
c Дата составления 20260626
852 Данные о местонахождении 5_
a Наименование организации ГПНТБ России
m Суффикс шифра хранения 56565
b Сигла хранения ЦГБ
j Шифр хранения 84(2Рос=411.2)6
p Инвентарный номер RU
899 Данные о местонахождении __
a Местонахождение ГПНТБ России
p Штрих-код 56565
b Место хранения ЦГБ
h Классификационная часть РШ 84(2Рос=411.2)6
i Авторский знак З-13